Democracia e Direitos Fundamentais Estudos em Homenagem ao Professor Leonardo Rabelo /

Detalles Bibliográficos
Autor principal: de Moraes Mello, Cleyson
Otros Autores: Martins Figueira, Hector Luiz, Martins, Vanderlei
Formato: eBook
Lenguaje:portugués
Publicado: Rio de Janeiro: Editora Processo, 2019
Materias:
Acceso en línea:Acceso restringido

MARC

LEADER 00000nam a22000007a 4500
005 20220720002454.0
007 cr|||| ||||
008 220720s2019 br |||||s|||| 00||0 por d
020 |a 978-85-93741-48-7 
035 |a 36743 
040 |a vLex 
090 |c 13607  |d 13607 
100 1 |a de Moraes Mello, Cleyson 
245 1 0 |a Democracia e Direitos Fundamentais  |h [Recurso electrn̤ico] :  |b Estudos em Homenagem ao Professor Leonardo Rabelo /  |c Cleyson de Moraes Mello, Hector Luiz Martins Figueira, Vanderlei Martins 
256 |a Servicio en ln̕ea 
260 |a Rio de Janeiro:  |b Editora Processo,  |c 2019 
300 |a 1 recurso electrn̤ico 
506 1 |a Disponible solo en los productos indicados  |d vLex Global  |d vLex Global (Academic Edition, excluding Law Schools)  |d vLex Global (U.S. Academic Edition, Law Schools)  |d vLex Global (U.S. Academic Edition, excluding Law Schools)  |d vLex Global (Academic Edition, Law Schools) 
650 0 4 |a Derecho Civil  |z Brasil 
700 1 |a Martins Figueira, Hector Luiz 
700 1 |a Martins, Vanderlei 
740 0 |a vLex Libros (Servicio en ln̕ea) 
856 4 0 |u https://app.vlex.com/#/sources/36743  |z Acceso restringido 
942 |c BOOK 
999 0 |a Civil Law